Breast cancer : multidisciplinary pathways for cancer care in the community /

"Because most cancer care is delivered in the community setting, Breast Cancer, edited by Dr. James L. Weese, looks at the management of breast cancer through the lens of multidisciplinary pathways focused on evidence-based, real-world care of breast cancer patients in the community. A multidis...

Full description

Bibliographic Details
Corporate Author: ScienceDirect (Online service)
Other Authors: Weese, James L. (Editor)
Format: eBook
Language:English
Published: Philadelphia, PA : Elsevier, [2023]
Subjects:
Online Access:Connect to the full text of this electronic book

MARC

Tag First Indicator Second Indicator Subfields
LEADER 00000cam a2200000 i 4500
001 in00005772549
005 20260327175135.2
006 m o d
007 cr |||||||||||
008 231017t20232024paua ob 000 0 eng d
040 |a OCLKB  |b eng  |e rda  |e pn  |c OCLKB  |d INM  |d OCLCO  |d USU  |d NUI  |d OPELS  |d OCLCO  |d YDX  |d OCLCL  |d UKAHL 
019 |a 1435947996  |a 1548103348 
020 |a 9780323932509  |q (electronic book) 
020 |a 0323932509  |q (electronic book) 
020 |a 9780323932516  |q (electronic book) 
020 |a 0323932517  |q (electronic book) 
020 |z 9780323932493  |q (hardcover) 
020 |z 0323932495  |q (hardcover) 
035 |a (OCoLC)1404426053  |z (OCoLC)1435947996  |z (OCoLC)1548103348 
050 4 |a RC280.B8 
060 1 4 |a WP 870 
082 0 4 |a 616.99/44906  |2 23/eng/20240329 
049 |a TXAM 
100 1 |a Weese, James L.,  |e editor. 
245 1 0 |a Breast cancer :  |b multidisciplinary pathways for cancer care in the community /  |c James L. Weese. 
264 1 |a Philadelphia, PA :  |b Elsevier,  |c [2023] 
264 4 |c ©2024 
300 |a 1 online resource (xiv, 210 pages) :  |b illustrations (some color) 
336 |a text  |b txt  |2 rdacontent 
337 |a computer  |b c  |2 rdamedia 
338 |a online resource  |b cr  |2 rdacarrier 
504 |a Includes bibliographical references. 
505 0 |a Breast Cancer in the Community -- Multidisciplinary Team Approach to the Management of Breast Cancer -- Oncology Nurse Navigation in the Care of Breast Cancer -- Breast Cancer Screening -- Outcomes and Quality Indicators -- Evaluation and Treatment in the Underserved Community -- Contemporary Surgical Approaches to Breast Cancer -- Radiation Therapy -- Systemic Therapy for Breast Cancer -- Breast Cancer Pathology for Precision Oncology -- Physical Therapy for Patients With Breast Cancer -- Nutrition -- Breast Cancer Survivorship in Community Oncology Practice -- Breast Cancer Palliative Care -- Genetics and Prevention -- Coping With the High Cost of Cancer -- Expectations for the Future. 
520 |a "Because most cancer care is delivered in the community setting, Breast Cancer, edited by Dr. James L. Weese, looks at the management of breast cancer through the lens of multidisciplinary pathways focused on evidence-based, real-world care of breast cancer patients in the community. A multidisciplinary team of expert authors provides state-of-the-art guidance from the perspective of community practitioners using an evidence-based model, clearly showing the thought processes used to make treatment decisions in today's breast cancer management"--  |c publisher's description. 
588 0 |a Online resource; title from table of contents page (Elsevier ClinicalKey, viewed November 27, 2023). 
650 0 |a Breast  |x Cancer  |x Treatment. 
650 2 |a Breast Neoplasms 
650 2 |a Interdisciplinary Communication 
650 6 |a Sein  |x Cancer  |x Traitement. 
655 7 |a Electronic books.  |2 local 
710 2 |a ScienceDirect (Online service) 
776 0 8 |i Print version:  |z 9780323932493  |w (OCoLC)1373012924 
856 4 0 |u http://proxy.library.tamu.edu/login?url=https://www.sciencedirect.com/science/book/9780323932493  |z Connect to the full text of this electronic book  |t 0 
955 |a Elsevier ScienceDirect 2026-2027 
994 |a 92  |b TXA 
999 f f |i b27d975b-c31f-4854-a284-567d040a74c5  |s 6f34d39a-737c-4382-8474-04b4cd37379e  |t 0 
952 f f |a Texas A&M University  |b College Station  |c Electronic Resources  |s www_evans  |d Available Online  |t 0  |e RC280.B8   |h Library of Congress classification 
998 f f |a RC280.B8   |t 0  |l Available Online